[Event "Lliga Catalana DH"]
[Site "?"]
[Date "2018.02.24"]
[Round "6.4"]
[White "Molina Carretero, Daniel"]
[Black "Lerch Gallemi, Jose Mª"]
[Result "1-0"]
[WhiteElo "2329"]
[BlackElo "2322"]
[PlyCount "113"]
[EventDate "2018.??.??"]
[WhiteTeam "GER"]
[BlackTeam "SCU"]

1. e4 e5 2. Nf3 Qe7 3. Nc3 c6 4. d4 d6 5. Bc4 h6 6. O-O Nf6 7. a4 Bg4 8. dxe5
dxe5 9. b3 Nfd7 10. Bb2 Qf6 11. Be2 Bc5 12. Nd2 Be6 13. Bc4 O-O 14. Qe2 Re8 15.
Bxe6 Rxe6 16. Nc4 Bd4 17. Rad1 Qg6 18. Kh1 Bc5 19. Rd3 Be7 20. Rg3 Qh7 21. Ne3
Bh4 22. Rg4 Bg5 23. Rd1 g6 24. h4 Be7 25. h5 Bg5 26. Qc4 Nf8 27. hxg6 fxg6 28.
Ba3 Nbd7 29. a5 Qf7 30. Kg1 b5 31. axb6 axb6 32. Bb2 b5 33. Qe2 Rf6 34. Rg3 Re6
35. Rf3 Qe7 36. Nxb5 cxb5 37. Qxb5 Qc5 38. Rxf8+ Rxf8 39. Qxd7 Ref6 40. Ng4
Rxf2 41. Nxf2 Qxf2+ 42. Kh1 Qh4+ 43. Qh3 Qxe4 44. Qe6+ Rf7 45. Bxe5 Qf5 46.
Qxf5 Rxf5 47. Bd4 Kf7 48. Rd3 Ke6 49. Be3 Be7 50. Kg1 g5 51. g4 Ra5 52. Bd4 Ra2
53. Rd2 Bb4 54. Re2+ Kd5 55. Bg7 Bd6 56. c4+ Kc5 57. Rxa2 1-0

[Event "Lliga Catalana DH"]
[Site "?"]
[Date "2018.02.24"]
[Round "6.5"]
[White "Mateos Rozas, Miguel A. "]
[Black "Mundet Riera, Jaume"]
[Result "0-1"]
[WhiteElo "2295"]
[BlackElo "2271"]
[PlyCount "148"]
[EventDate "2018.??.??"]
[WhiteTeam "SCU"]
[BlackTeam "GER"]

1. e4 e5 2. Nf3 Nc6 3. Bb5 a6 4. Ba4 Nf6 5. O-O Be7 6. Re1 b5 7. Bb3 d6 8. c3
O-O 9. a3 Nb8 10. d4 Nbd7 11. Nbd2 Bb7 12. h3 c5 13. Bc2 Re8 14. Nf1 Bf8 15.
Ng3 g6 16. b3 cxd4 17. cxd4 exd4 18. Bb2 d3 19. Qxd3 Nc5 20. Qd4 Bg7 21. e5
dxe5 22. Nxe5 Nfd7 23. f4 Qh4 24. Qf2 Ne6 25. Rad1 Nxe5 26. fxe5 Rad8 27. Ne4
Qxf2+ 28. Kxf2 Rc8 29. Bb1 Bxe4 30. Rxe4 Red8 31. Ree1 Nc5 32. b4 Na4 33. Rxd8+
Rxd8 34. Bc1 Re8 35. Bf4 Nb2 36. Be4 Bxe5 37. Bc1 Nc4 38. Kf3 Bb2 39. Bxb2 Nxb2
40. Rc1 Nc4 41. Bb7 Re3+ 42. Kf4 Rxa3 43. Rd1 Rb3 44. Bxa6 Rxb4 45. Kg5 Kg7 46.
Rd4 Rb2 47. g4 Rb3 48. Kf4 Na3 49. h4 b4 50. Bd3 Rb2 51. Rd7 h6 52. Rb7 Rd2 53.
Ke3 Rb2 54. h5 gxh5 55. gxh5 Kf6 56. Kf4 Rd2 57. Rb6+ Kg7 58. Ke3 Rb2 59. Kf4
Rh2 60. Ke3 Rh4 61. Rb7 Nc4+ 62. Kf2 Ne5 63. Kg3 Kf6 64. Be2 Re4 65. Bd1 Rd4
66. Be2 Rd2 67. Kf2 Rb2 68. Rb5 Kf5 69. Ke3 f6 70. Bd3+ Kg5 71. Bg6 b3 72. Ke4
Re2+ 73. Kd4 b2 74. Kc3 f5 0-1

[Event "Lliga Catalana DH"]
[Site "?"]
[Date "2018.02.24"]
[Round "6.6"]
[White "Gonzalez Vericat, Sergi"]
[Black "Romero Calderon, Juan"]
[Result "0-1"]
[WhiteElo "2257"]
[BlackElo "2301"]
[PlyCount "72"]
[EventDate "2018.??.??"]
[WhiteTeam "GER"]
[BlackTeam "SCU"]

1. e4 e6 2. Nf3 b6 3. d4 Bb7 4. Bd3 c5 5. O-O cxd4 6. Nxd4 Nc6 7. c3 Nf6 8. Qe2
Be7 9. a3 Nd5 10. Nxc6 dxc6 11. Rd1 Qc7 12. b3 b5 13. c4 bxc4 14. bxc4 Nb6 15.
e5 Rd8 16. Nc3 Nd7 17. f4 g5 18. Ne4 gxf4 19. Bxf4 Nxe5 20. c5 f6 21. Qh5+ Kd7
22. Bc4+ Kc8 23. Bxe6+ Kb8 24. Qf5 Rhf8 25. Rxd8+ Qxd8 26. Bxe5+ fxe5 27. Qxe5+
Ka8 28. Rb1 Qd3 29. Qb2 Ba6 30. Bf5 Qe3+ 31. Kh1 Qf4 32. Ng3 Bxc5 33. Be4 Qc7
34. Qc3 Bb6 35. Bxc6+ Kb8 36. Rc1 Rc8 0-1

[Event "Lliga Catalana DH"]
[Site "?"]
[Date "2018.02.24"]
[Round "6.7"]
[White "Brusi Noguera, Ricardo LL."]
[Black "Salagran Ferragut, Guillem"]
[Result "0-1"]
[WhiteElo "2310"]
[BlackElo "2262"]
[PlyCount "102"]
[EventDate "2018.??.??"]
[WhiteTeam "SCU"]
[BlackTeam "GER"]

1. d4 e6 2. c4 b6 3. a3 Ba6 4. e3 Nf6 5. Bd3 d5 6. b3 Be7 7. Nc3 O-O 8. Nf3 Bb7
9. Qc2 Nbd7 10. cxd5 exd5 11. O-O Rc8 12. Ne5 h6 13. Nb5 Nxe5 14. dxe5 Nd7 15.
e6 fxe6 16. Nxa7 Ra8 17. Nc6 Bxc6 18. Qxc6 Nc5 19. Bc2 Bf6 20. Ra2 Qd7 21. Qxd7
Nxd7 22. a4 Ne5 23. f4 Nc6 24. Ba3 Rfd8 25. Bd3 Na5 26. Rb1 c5 27. Bb5 Nb7 28.
Bc6 Rab8 29. Bb2 Nd6 30. Bxf6 gxf6 31. Bb5 Nxb5 32. axb5 Ra8 33. Raa1 Rxa1 34.
Rxa1 Kg7 35. Ra7+ Kg6 36. g4 Rd6 37. Kf2 e5 38. Rc7 exf4 39. exf4 f5 40. Rc6
Rf6 41. h3 fxg4 42. hxg4 Kf7 43. Kf3 d4 44. Ke4 Ke7 45. g5 hxg5 46. fxg5 Re6+
47. Kd3 Re3+ 48. Kc2 Rc3+ 49. Kd2 Rg3 50. g6 Rg2+ 51. Kd1 Rg1+ 0-1

[Event "Lliga Catalana DH"]
[Site "?"]
[Date "2018.02.24"]
[Round "6.8"]
[White "Guso Llorca, Jordi"]
[Black "Sierra Montoya, Miquel"]
[Result "1/2-1/2"]
[WhiteElo "2249"]
[BlackElo "2276"]
[PlyCount "144"]
[EventDate "2018.??.??"]
[WhiteTeam "GER"]
[BlackTeam "SCU"]

1. Nf3 Nf6 2. g3 g6 3. Bg2 Bg7 4. O-O O-O 5. c4 d6 6. Nc3 a6 7. Rb1 e5 8. d3 c6
9. Qc2 h6 10. Rd1 Be6 11. b3 Re8 12. Ba3 Bf5 13. Ne4 Bf8 14. h3 a5 15. Kh2 Na6
16. Nxf6+ Qxf6 17. e4 Be6 18. Qd2 c5 19. Bb2 Nb4 20. Bc3 Nc6 21. a3 Ra7 22. Ne1
g5 23. Nc2 h5 24. Ne3 Bh6 25. Nd5 Qg6 26. Qe2 Bxd5 27. cxd5 Nd4 28. Bxd4 exd4
29. Bf3 h4 30. gxh4 Qf6 31. hxg5 Bxg5 32. Kh1 Qf4 33. Rg1 Kh8 34. Bg4 b5 35.
Bf5 Qh4 36. Qg4 Qxg4 37. Rxg4 Bf6 38. Rbg1 a4 39. bxa4 Rxa4 40. Bd7 Rb8 41. Rf4
Bg7 42. Rh4+ Kg8 43. Rhg4 Kf8 44. Rxg7 Ke7 45. Bc6 Rxa3 46. R7g3 b4 47. Rb1 b3
48. Rgg1 b2 49. Rgd1 Kf6 50. Kg2 Ke5 51. Rd2 Rab3 52. Ba4 Ra3 53. Bd7 Rab3 54.
Bf5 Kf4 55. Kf1 c4 56. dxc4 d3 57. Bd7 R8b4 58. Be8 Rxc4 59. Rdxb2 d2 60. Ke2
Rxb2 61. Rxb2 Rxe4+ 62. Kxd2 Rxe8 63. Rb7 f5 64. Rb3 Re4 65. Re3 Ra4 66. Ke2
Ra2+ 67. Ke1 Ra1+ 68. Ke2 Ra5 69. Rd3 Ke4 70. Rd2 Ra3 71. h4 Rh3 72. Ra2 Kxd5
1/2-1/2

[Event "Lliga Catalana DH"]
[Site "?"]
[Date "2018.02.24"]
[Round "6.9"]
[White "Sorroche Martin, Josep M."]
[Black "Carrasco Holgado, David"]
[Result "1-0"]
[WhiteElo "2243"]
[BlackElo "2229"]
[PlyCount "95"]
[EventDate "2018.??.??"]
[WhiteTeam "SCU"]
[BlackTeam "GER"]

1. c4 f5 2. g3 Nf6 3. Bg2 g6 4. b3 Bg7 5. Bb2 d6 6. d4 c6 7. Nf3 O-O 8. O-O Na6
9. Nc3 Qe8 10. d5 Bd7 11. Qd2 Rd8 12. Rae1 Nc5 13. Ng5 h6 14. Nh3 g5 15. f3 Qh5
16. Nf2 e5 17. b4 Na6 18. dxc6 bxc6 19. b5 Nb8 20. Qxd6 Rfe8 21. Rd1 Qf7 22.
bxc6 Nxc6 23. Nd5 Nxd5 24. Qxd5 Nd4 25. Qxf7+ Kxf7 26. e3 Nc2 27. Rd3 e4 28.
Nxe4 fxe4 29. fxe4+ Kg8 30. Bxg7 Kxg7 31. Rfd1 Re7 32. a3 Bg4 33. Rxd8 Bxd1 34.
Rxd1 Nxe3 35. Rc1 Nxg2 36. Kxg2 Rxe4 37. c5 Re7 38. c6 Rc7 39. Kf3 Kf6 40. Ke4
Ke6 41. g4 a6 42. h3 a5 43. Rc2 a4 44. Rc1 Kd6 45. Kf5 Rxc6 46. Rxc6+ Kxc6 47.
Kg6 Kc5 48. Kxh6 1-0

[Event "Lliga Catalana DH"]
[Site "?"]
[Date "2018.02.24"]
[Round "6.10"]
[White "Parramon Ros, Francesc"]
[Black "Macaya Ruiz, Alfons"]
[Result "1-0"]
[WhiteElo "2189"]
[BlackElo "2176"]
[PlyCount "112"]
[EventDate "2018.??.??"]
[WhiteTeam "GER"]
[BlackTeam "SCU"]

1. e4 c5 2. b3 d6 3. Bb2 Nf6 4. Nc3 e6 5. Nf3 Be7 6. g3 O-O 7. Bg2 a6 8. O-O
Nc6 9. d4 cxd4 10. Nxd4 Bd7 11. Re1 Qc7 12. Nce2 Rad8 13. c4 Rfe8 14. Rc1 Bc8
15. Qc2 Ne5 16. Red1 b6 17. h3 Bb7 18. f4 Ned7 19. Kh2 Rc8 20. Nc3 Qb8 21. Qe2
Bd8 22. Re1 Bc7 23. Rcd1 Nf8 24. Nf3 Rcd8 25. Qc2 Qa8 26. Re2 h5 27. Ng5 h4 28.
g4 Ng6 29. Rf1 e5 30. f5 Nf4 31. Ref2 Nxg2 32. Rxg2 Rc8 33. Qe2 Bd8 34. Ba3 Be7
35. Re1 b5 36. Nxf7 Kxf7 37. g5 Rh8 38. gxf6 gxf6 39. Nd5 Bxd5 40. cxd5 Rcg8
41. Reg1 Rg5 42. Rxg5 fxg5 43. f6 Bxf6 44. Qg4 Qc8 45. Rc1 Qxg4 46. Rc7+ Kg6
47. hxg4 h3 48. Bxd6 Rh4 49. Rc6 Kg7 50. Bc5 Rxg4 51. Kxh3 Rxe4 52. d6 Re2 53.
Rxa6 Rd2 54. Kg4 Rd5 55. b4 e4 56. Rb6 Kg6 1-0

[Event "Lliga Catalana DH"]
[Site "Barcelona"]
[Date "2018.02.24"]
[Round "6.1"]
[White "Cruz Sanchez, Jonathan Esteban"]
[Black "Bauer, Christian "]
[Result "0-1"]
[WhiteElo "2477"]
[BlackElo "2647"]
[PlyCount "52"]
[EventDate "2018.??.??"]
[WhiteTeam "TPE"]
[BlackTeam "EEB"]

1. e4 Nc6 2. Nf3 d6 3. Bb5 Nf6 4. Nc3 a6 5. Bxc6+ bxc6 6. e5 Nd5 7. O-O Bg4 8.
h3 Bh5 9. e6 fxe6 10. d4 Qd7 11. Re1 Nxc3 12. bxc3 h6 13. Qd3 g5 14. Re3 Bg7
15. Bd2 O-O 16. g4 Be8 17. h4 e5 18. Nh2 Qe6 19. h5 c5 20. d5 Qd7 21. f3 e6 22.
a4 exd5 23. Qxd5+ Bf7 24. Qd3 c4 25. Qe2 Bd5 26. Nf1 Bxf3 0-1

[Event "Lliga Catalana DH"]
[Site "Barcelona"]
[Date "2018.02.24"]
[Round "6.2"]
[White "Peralta, Fernando "]
[Black "Ootes, Lars "]
[Result "1-0"]
[WhiteElo "2593"]
[BlackElo "2384"]
[PlyCount "53"]
[EventDate "2018.??.??"]
[WhiteTeam "EEB"]
[BlackTeam "TPE"]

1. d4 d6 2. Nf3 g6 3. c4 f5 4. g3 Bg7 5. Nc3 Nf6 6. Bg2 O-O 7. O-O c6 8. b3 Na6
9. Bb2 Rb8 10. Rc1 Kh8 11. d5 e5 12. dxe6 Bxe6 13. Ba3 Qa5 14. Nd4 Rfe8 15.
Bxd6 Rbd8 16. c5 Bg8 17. Bxc6 bxc6 18. Nxc6 Qxc5 19. Bxc5 Rxd1 20. Nxd1 Nxc5
21. Rxc5 Rxe2 22. Nc3 Rc2 23. Nb4 Rb2 24. Rb1 Ne4 25. Rxb2 Nxc3 26. Rc2 Ne4 27.
Rc8 1-0

[Event "Lliga Catalana DH"]
[Site "Barcelona"]
[Date "2018.02.24"]
[Round "6.3"]
[White "Cruz Estrada, Filemon "]
[Black "Moskalenko, Viktor "]
[Result "1/2-1/2"]
[WhiteElo "2387"]
[BlackElo "2588"]
[PlyCount "42"]
[EventDate "2018.??.??"]
[WhiteTeam "TPE"]
[BlackTeam "EEB"]

1. c4 f5 2. Nf3 Nf6 3. g3 d6 4. d4 g6 5. b3 Bg7 6. Bb2 Ne4 7. Bg2 O-O 8. Nbd2
Nc6 9. O-O e5 10. dxe5 Nxd2 11. Qxd2 dxe5 12. Qd5+ Kh8 13. Qxd8 Rxd8 14. Rad1
e4 15. Rxd8+ Nxd8 16. Bxg7+ Kxg7 17. Nd4 Ne6 18. Rd1 Nxd4 19. Rxd4 Be6 20. f3
exf3 21. exf3 Kf6 1/2-1/2

[Event "Lliga Catalana DH"]
[Site "Barcelona"]
[Date "2018.02.24"]
[Round "6.4"]
[White "Narciso Dublan, Marc "]
[Black "Ballester Llagaria, Luis"]
[Result "1-0"]
[WhiteElo "2535"]
[BlackElo "2349"]
[PlyCount "83"]
[EventDate "2018.??.??"]
[WhiteTeam "EEB"]
[BlackTeam "TPE"]

1. c4 b6 2. Nc3 Bb7 3. d4 e6 4. a3 Nf6 5. Nf3 Be7 6. d5 O-O 7. g3 d6 8. Bg2 e5
9. O-O Nbd7 10. Ne1 Ne8 11. Nd3 Nc5 12. Nb4 Bg5 13. f4 exf4 14. gxf4 Bf6 15.
Qc2 Bxc3 16. Qxc3 f5 17. Nd3 Ne4 18. Bxe4 fxe4 19. Nf2 Nf6 20. Be3 Qd7 21. Bd4
Rae8 22. e3 Nh5 23. Kh1 c5 24. dxc6 Bxc6 25. Rg1 Rxf4 26. Rg2 Rf7 27. Rag1 Re6
28. Qe1 Rg6 29. Rxg6 hxg6 30. Ng4 Qf5 31. h3 Bd7 32. Qh4 Kh7 33. Kh2 Be6 34. b3
b5 35. cxb5 Qxb5 36. b4 Qd3 37. Nf2 Qe2 38. Rg2 Rf3 39. Nxe4 Qd1 40. Ng5+ Kg8
41. Nxe6 Rf1 42. Qd8+ 1-0

[Event "Lliga Catalana DH"]
[Site "Barcelona"]
[Date "2018.02.24"]
[Round "6.5"]
[White "Boix Moreno, Daniel "]
[Black "Matnadze, Ana"]
[Result "1/2-1/2"]
[WhiteElo "2328"]
[BlackElo "2482"]
[PlyCount "75"]
[EventDate "2018.??.??"]
[WhiteTeam "TPE"]
[BlackTeam "EEB"]

1. e4 c6 2. d4 g6 3. Nc3 Bg7 4. Nf3 d5 5. h3 dxe4 6. Nxe4 Nf6 7. Bd3 Nxe4 8.
Bxe4 Bf5 9. Bxf5 Qa5+ 10. c3 Qxf5 11. O-O O-O 12. Re1 Re8 13. Qb3 Qb5 14. Bg5
Qxb3 15. axb3 Kf8 16. Re2 Nd7 17. Rae1 f6 18. Bf4 Kf7 19. Nd2 a5 20. Ne4 h6 21.
Bd6 f5 22. Ng5+ Kg8 23. Rxe7 Nf6 24. Nf3 Rxe7 25. Bxe7 Ne4 26. g4 Kf7 27. Ba3
Bf6 28. Kg2 h5 29. Re2 hxg4 30. hxg4 b5 31. Nd2 Nxd2 32. Rxd2 b4 33. cxb4 axb4
34. Bxb4 Rb8 35. Bc3 Rxb3 36. gxf5 gxf5 37. Re2 Rb5 38. Kf3 1/2-1/2

[Event "Lliga Catalana DH"]
[Site "Barcelona"]
[Date "2018.02.24"]
[Round "6.6"]
[White "Grafl, Florian "]
[Black "Gonzalez Garcia, Marc "]
[Result "1-0"]
[WhiteElo "2421"]
[BlackElo "2338"]
[PlyCount "46"]
[EventDate "2018.??.??"]
[WhiteTeam "EEB"]
[BlackTeam "TPE"]

1. b3 d5 2. Bb2 c6 3. e3 Nf6 4. f4 Bf5 5. Nf3 e6 6. g3 Nbd7 7. Bg2 h6 8. O-O
Be7 9. d3 a5 10. Nc3 O-O 11. Qe2 Qb6 12. Kh1 Qa6 13. h3 Bh7 14. g4 Bd6 15. Qf2
e5 16. fxe5 Nxe5 17. Nxd5 Nfxg4 18. hxg4 Nxg4 19. Qh4 f5 20. Ne7+ Kh8 21. e4
Rf7 22. Nxf5 Bxf5 23. exf5 Ne3 1-0

[Event "Lliga Catalana DH"]
[Site "Barcelona"]
[Date "2018.02.24"]
[Round "6.7"]
[White "Martinez Pla, Xavier"]
[Black "Hernando Rodrigo, Julio Antonio"]
[Result "1-0"]
[WhiteElo "2320"]
[BlackElo "2397"]
[PlyCount "75"]
[EventDate "2018.??.??"]
[WhiteTeam "TPE"]
[BlackTeam "EEB"]

1. e4 e6 2. d4 d5 3. Bd3 dxe4 4. Bxe4 Nf6 5. Bf3 c5 6. Ne2 Nc6 7. Be3 e5 8.
Bxc6+ bxc6 9. dxe5 Qxd1+ 10. Kxd1 Ng4 11. Nd2 Be7 12. Nf3 f6 13. h3 Nxe3+ 14.
fxe3 fxe5 15. e4 Ba6 16. Ke1 O-O 17. Rd1 Rab8 18. b3 c4 19. Nxe5 cxb3 20. axb3
Rbe8 21. Nd3 Bf6 22. Nc5 Bh4+ 23. g3 Bxe2 24. Kxe2 Bxg3 25. Rhf1 Rxf1 26. Kxf1
Bc7 27. Re1 Bb6 28. Nd3 Kf7 29. Kg2 g5 30. Kf3 Kg6 31. Ra1 h5 32. Ra4 Rf8+ 33.
Kg3 Be3 34. Rc4 c5 35. Ra4 Bf4+ 36. Kg2 h4 37. Rxa7 Be3 38. Ne5+ 1-0

[Event "Lliga Catalana DH"]
[Site "Barcelona"]
[Date "2018.02.24"]
[Round "6.8"]
[White "Chueca Forcen, Alberto "]
[Black "Gonzalez Verges, Alex "]
[Result "0-1"]
[WhiteElo "2361"]
[BlackElo "2312"]
[PlyCount "76"]
[EventDate "2018.??.??"]
[WhiteTeam "EEB"]
[BlackTeam "TPE"]

1. e4 c5 2. Nf3 d6 3. d4 cxd4 4. Nxd4 Nf6 5. Nc3 a6 6. Bg5 e6 7. f4 Qb6 8. Qd2
Nc6 9. O-O-O Nxd4 10. Qxd4 Qxd4 11. Rxd4 h6 12. Bh4 Nh5 13. e5 g5 14. fxg5 dxe5
15. Rd1 Be7 16. Ne4 hxg5 17. Bxg5 Bxg5+ 18. Nxg5 Ke7 19. Be2 f5 20. g4 Nf4 21.
Bc4 b5 22. Bb3 Bb7 23. Rhe1 fxg4 24. Rxe5 Kf6 25. Rc5 Rac8 26. Rxc8 Rxc8 27.
Nf7 Bf3 28. Rd7 Rf8 29. Nd6 Rh8 30. Kd2 Rxh2+ 31. Ke3 e5 32. Rf7+ Kg6 33. Rxf4
Re2+ 34. Kd3 exf4 35. Bf7+ Kf6 36. Bd5 Re3+ 37. Kd4 Bxd5 38. Kxd5 g3 0-1

[Event "Lliga Catalana DH"]
[Site "Barcelona"]
[Date "2018.02.24"]
[Round "6.9"]
[White "Gallart Zafra, Jaume"]
[Black "Avila Jimenez, Xavier "]
[Result "1-0"]
[WhiteElo "2298"]
[BlackElo "2318"]
[PlyCount "85"]
[EventDate "2018.??.??"]
[WhiteTeam "TPE"]
[BlackTeam "EEB"]

1. e4 c6 2. d3 d5 3. Nd2 e5 4. Ngf3 Bd6 5. g3 Be6 6. Bg2 Ne7 7. a4 O-O 8. O-O
f6 9. Qe2 Qd7 10. Rd1 Na6 11. Nf1 d4 12. Ne1 Bb4 13. f4 Nc7 14. Nf3 Bg4 15.
N1d2 exf4 16. gxf4 Ng6 17. Nb3 Bd6 18. f5 Nh4 19. Qf2 Nxg2 20. Qxg2 Bh5 21. Kh1
c5 22. Na5 Ne8 23. Rg1 Kh8 24. Nc4 Bc7 25. Nh4 Nd6 26. Nxd6 Bxd6 27. b3 b6 28.
Qh3 g5 29. Nf3 Qe8 30. Qg2 Rg8 31. Bd2 Rc8 32. Rae1 Be5 33. Nxe5 Qxe5 34. Qh3
Be8 35. Qh6 Rc7 36. h4 Rc6 37. Rg4 Qe7 38. Reg1 Qf7 39. R4g3 Rg7 40. R1g2 Qh5
41. Qxh5 Bxh5 42. hxg5 fxg5 43. Bxg5 1-0

[Event "Lliga Catalana DH"]
[Site "Barcelona"]
[Date "2018.02.24"]
[Round "6.10"]
[White "Orteu Capdevila, Max "]
[Black "Leiro Giralt, Daniel "]
[Result "1/2-1/2"]
[WhiteElo "2213"]
[BlackElo "2285"]
[PlyCount "41"]
[EventDate "2018.??.??"]
[WhiteTeam "EEB"]
[BlackTeam "TPE"]

1. e4 e5 2. Nf3 Nf6 3. Nxe5 d6 4. Nf3 Nxe4 5. Nc3 Nxc3 6. dxc3 Be7 7. Be3 Nc6
8. Qd2 Be6 9. O-O-O Bxa2 10. b3 a5 11. Kb2 a4 12. Ra1 axb3 13. cxb3 Bxb3 14.
Rxa8 Qxa8 15. Kxb3 Qa1 16. Qb2 Qd1+ 17. Qc2 Qa1 18. Qb2 Qd1+ 19. Qc2 Qa1 20.
Qb2 Na5+ 21. Kc2 1/2-1/2

[Event "Lliga Catalana DH"]
[Site "?"]
[Date "2018.02.24"]
[Round "6.3"]
[White "Sabria Batlle, Pol"]
[Black "Trapat Herranz, Joan"]
[Result "0-1"]
[WhiteElo "2403"]
[BlackElo "2431"]
[PlyCount "62"]
[WhiteTeam "OLO"]
[BlackTeam "LLE"]

1. d4 Nf6 2. Nf3 e6 3. Bf4 d5 4. e3 c5 5. c3 Nc6 6. Nbd2 cxd4 7. exd4 Nh5 8.
Bg5 f6 9. Be3 Bd6 10. Bd3 Nf4 11. Bxf4 Bxf4 12. O-O Qc7 13. c4 O-O 14. Re1 Nb4
15. Bb1 Rd8 16. a3 Nc6 17. cxd5 exd5 18. Bd3 Qf7 19. h3 Bd7 20. Nb1 Kh8 21. Nc3
Na5 22. Qc2 Qh5 23. Be2 Qf7 24. b4 Nc6 25. Bd3 Rac8 26. Qb3 Be6 27. Re2 Qd7 28.
Ree1 Bxh3 29. gxh3 Qxh3 30. Be2 Nxd4 31. Nxd4 Bh2+ 0-1

[Event "Lliga Catalana DH"]
[Site "?"]
[Date "2018.02.24"]
[Round "6.1"]
[White "Campos Moreno, Javier"]
[Black "Alvarez Pedraza, Aramis"]
[Result "1-0"]
[WhiteElo "2510"]
[BlackElo "2521"]
[PlyCount "89"]
[WhiteTeam "OLO"]
[BlackTeam "LLE"]

1. d4 Nf6 2. c4 c5 3. d5 b5 4. cxb5 a6 5. bxa6 g6 6. Nc3 Bg7 7. e4 O-O 8. Nf3
Qa5 9. Nd2 Bxa6 10. Be2 e6 11. O-O exd5 12. exd5 Bxe2 13. Qxe2 Re8 14. Qf3 Na6
15. Nc4 Qb4 16. b3 Ng4 17. Qxg4 f5 18. Qd1 Bxc3 19. Rb1 Re4 20. Qc2 Bf6 21. Bd2
Qb8 22. Rfe1 Rxe1+ 23. Rxe1 Qb7 24. d6 Nb4 25. Bxb4 cxb4 26. h3 Qa7 27. Ne5 Kg7
28. Qc4 Rf8 29. Qxb4 Re8 30. Qb5 Re6 31. a4 Rxd6 32. Nc4 Rd4 33. a5 d5 34. Nd6
Kh6 35. Qb6 Qd7 36. a6 Rd2 37. Qe3+ Bg5 38. f4 Bh4 39. Qxd2 Bxe1 40. Qxe1 Qxd6
41. a7 Qa3 42. Qf2 Qa1+ 43. Kh2 d4 44. Qh4+ Kg7 45. Qe7+ 1-0

[Event "Lliga Catalana DH"]
[Site "?"]
[Date "2018.02.24"]
[Round "6.6"]
[White "Soler Pijuan, Ferran"]
[Black "Aymerich Verdaguer, Eduard"]
[Result "1/2-1/2"]
[WhiteElo "2315"]
[BlackElo "2226"]
[PlyCount "63"]
[WhiteTeam "LLE"]
[BlackTeam "OLO"]

1. d4 Nf6 2. c4 g6 3. Nc3 Bg7 4. e4 d6 5. Bd3 O-O 6. Nge2 e5 7. d5 Nbd7 8. O-O
c5 9. a3 Ne8 10. Qc2 Ndf6 11. Ng3 h5 12. Bg5 Qd7 13. Qa4 Kh7 14. f4 exf4 15.
Rxf4 Qe7 16. Nxh5 Qe5 17. Bxf6 Nxf6 18. Nxf6+ Bxf6 19. Raf1 Bg7 20. Qc2 Qe7 21.
e5 Kg8 22. exd6 Qe3+ 23. Kh1 f5 24. Nb5 Bd7 25. g4 fxg4 26. Rxf8+ Rxf8 27.
Rxf8+ Kxf8 28. Bxg6 Qf3+ 29. Qg2 Qd1+ 30. Qg1 Qf3+ 31. Qg2 Qd1+ 32. Qg1 1/2-1/2

[Event "Lliga Catalana DH"]
[Site "?"]
[Date "2018.02.24"]
[Round "6.9"]
[White "Pinyol Clapera, David"]
[Black "Masague Artero, Guerau"]
[Result "0-1"]
[WhiteElo "2239"]
[BlackElo "2164"]
[PlyCount "102"]
[WhiteTeam "OLO"]
[BlackTeam "LLE"]

1. e4 c5 2. Nf3 g6 3. c4 Bg7 4. Be2 Nc6 5. O-O d6 6. h3 a6 7. d3 Rb8 8. a4 e5
9. Nc3 Nge7 10. Bg5 f6 11. Bd2 O-O 12. Nd5 Be6 13. Qc1 Qd7 14. Kh2 g5 15. Ng1
Nd4 16. Bd1 Ng6 17. Nb6 Qe7 18. Be3 Nf4 19. Bxd4 exd4 20. Qd2 f5 21. Nd5 Nxd5
22. exd5 Bd7 23. g3 g4 24. Re1 Qf6 25. f4 gxf3 26. Bxf3 Bh6 27. Qg2 Kh8 28. b3
Rg8 29. Qf2 Be3 30. Qb2 Qe5 31. Rxe3 Qxe3 32. Qe2 Rbe8 33. Qxe3 Rxe3 34. Rd1 b5
35. axb5 axb5 36. Kg2 Ra8 37. Be2 Rg8 38. Kf2 Rexg3 39. Bf3 f4 40. h4 Ra8 41.
Rd2 b4 42. Re2 Ra1 43. Re7 Rg7 44. Rxg7 Kxg7 45. Ne2 Ra2 46. Ke1 Rb2 47. Nc1
Rh2 48. h5 Bf5 49. Ne2 Rh4 50. Be4 Bxe4 51. dxe4 Kf6 0-1

[Event "Lliga Catalana DH"]
[Site "?"]
[Date "2018.02.24"]
[Round "6.7"]
[White "Vinardell Cruañas, Sergi"]
[Black "Bruned Segura, Mario"]
[Result "1/2-1/2"]
[WhiteElo "2291"]
[BlackElo "2217"]
[PlyCount "101"]
[WhiteTeam "OLO"]
[BlackTeam "LLE"]

1. e4 c6 2. d4 d5 3. Nc3 dxe4 4. Nxe4 Nd7 5. Nf3 Ngf6 6. Ng3 e6 7. Bd3 c5 8.
O-O Be7 9. dxc5 Nxc5 10. Bb5+ Bd7 11. Qe2 Bxb5 12. Qxb5+ Qd7 13. Qe2 Qc7 14. b3
O-O 15. Bb2 Ncd7 16. c4 Rfd8 17. Rfd1 Nf8 18. Ne4 Ng6 19. Nxf6+ Bxf6 20. Bxf6
gxf6 21. g3 Ne5 22. Nxe5 Qxe5 23. Qg4+ Kf8 24. Qf3 Rab8 25. Rab1 Ke7 26. Rxd8
Kxd8 27. Qd3+ Ke7 28. Rd1 f5 29. Qd7+ Kf6 30. Qd2 Kg6 31. h4 f6 32. Re1 Rd8 33.
Qb4 Qd6 34. Qxb7 Rd7 35. Qf3 h5 36. Kh2 e5 37. Qe3 Qc6 38. Rc1 Rd4 39. Rc3 f4
40. Qe2 a5 41. Rd3 Qd6 42. Rxd4 Qxd4 43. Qf3 fxg3+ 44. Qxg3+ Kf7 45. a4 f5 46.
Kg2 f4 47. Qg5 Qe4+ 48. Kh2 Qe2 49. Kg2 Qg4+ 50. Kh2 Qe2 51. Kg2 1/2-1/2

[Event "Lliga Catalana DH"]
[Site "?"]
[Date "2018.02.24"]
[Round "6.2"]
[White "Barbero Sendic, Alejandro"]
[Black "Vidal Zamora, Alex"]
[Result "0-1"]
[WhiteElo "2430"]
[BlackElo "2422"]
[PlyCount "146"]
[WhiteTeam "LLE"]
[BlackTeam "OLO"]

1. e4 c5 2. Nf3 Nc6 3. Bb5 g6 4. Bxc6 dxc6 5. d3 Bg7 6. Nc3 e5 7. Be3 Qe7 8.
O-O Nf6 9. h3 O-O 10. Qe2 Nh5 11. a3 Nf4 12. Qd2 Ne6 13. b4 Nd4 14. Bxd4 cxd4
15. Ne2 Bd7 16. Nh2 Qd6 17. f4 exf4 18. Nf3 f5 19. e5 Bxe5 20. Nxe5 Qxe5 21.
Nxf4 Qe3+ 22. Qxe3 dxe3 23. h4 Rae8 24. Rae1 Re5 25. Rf3 Rfe8 26. d4 Re4 27. c3
Kg7 28. g3 Be6 29. Rfxe3 Bd5 30. Kf2 h6 31. Rxe4 Bxe4 32. Nd3 b6 33. c4 Kf6 34.
Nb2 g5 35. c5 Rd8 36. hxg5+ hxg5 37. Ke3 Re8 38. Kd2 Rh8 39. Nc4 bxc5 40. dxc5
Rh2+ 41. Kc3 Rh3 42. Re3 Bd5 43. Rd3 f4 44. gxf4 g4 45. Ne3 g3 46. b5 Be4 47.
Rd6+ Ke7 48. Kb4 cxb5 49. Ra6 Rh2 50. Rxa7+ Kf8 51. Kc3 Rc2+ 52. Kd4 g2 53.
Nxg2 Bxg2 54. Rc7 Rc4+ 55. Ke5 Ra4 56. Rc8+ Ke7 57. c6 Re4+ 58. Kd5 Rc4+ 59.
Ke5 Bxc6 60. Rc7+ Ke8 61. Rg7 Bd7 62. f5 Rc5+ 63. Kd6 Rc6+ 64. Ke5 Rc3 65. Rh7
Rc5+ 66. Kd6 Rc6+ 67. Ke5 Bc8 68. Rh5 Rc5+ 69. Kd6 Rc3 70. Rh8+ Kf7 71. Rh7+
Kf6 72. Rc7 Rxa3 73. Rc6 Ra6 0-1

[Event "Lliga Catalana DH"]
[Site "Olot"]
[Date "2018.02.24"]
[Round "6.8"]
[White "Codina Garcia, Josep"]
[Black "Serrat Rifa, Ernest"]
[Result "0-1"]
[WhiteElo "2189"]
[BlackElo "2269"]
[PlyCount "104"]
[EventDate "2018.??.??"]
[WhiteTeam "LLE"]
[BlackTeam "OLO"]

1. d4 d5 2. Nf3 Nf6 3. c4 c6 4. Nc3 e6 5. e3 Nbd7 6. Bd3 dxc4 7. Bxc4 b5 8. Bd3
a6 9. O-O c5 10. Qe2 Qb6 11. dxc5 Bxc5 12. b3 O-O 13. Bb2 Bb7 14. Rad1 Rac8 15.
Nb1 Be7 16. Nbd2 Nc5 17. Bb1 a5 18. Ne5 Rfd8 19. Ndf3 Nfe4 20. Rxd8+ Rxd8 21.
Rd1 f6 22. Nd3 b4 23. Nxc5 Bxc5 24. Rxd8+ Qxd8 25. Qd3 Qxd3 26. Bxd3 Kf7 27.
Kf1 g5 28. Ke2 h5 29. Ne1 Nc3+ 30. Bxc3 bxc3 31. f3 Bd6 32. h3 f5 33. Bc4 Kf6
34. Kd3 e5 35. e4 g4 36. hxg4 fxg4 37. fxg4 hxg4 38. Nc2 Bc5 39. Bd5 Ba6+ 40.
Kxc3 Bf1 41. Kd2 Bxg2 42. Ne3 Bf3 43. Nf1 Kg5 44. Ng3 Kh4 45. Nf5+ Kh3 46. Kc3
g3 47. Nxg3 Kxg3 48. Kd3 Kf2 49. Bc6 Be2+ 50. Kc3 Ke3 51. Bd5 Bd3 52. b4 Bxb4+
0-1